Μαύρα = Mabra : μονόπρακτη κωμική όπερα

Αποθηκεύτηκε σε:
Λεπτομέρειες βιβλιογραφικής εγγραφής
Κύριος συγγραφέας: Stravinsky, Igor 1882-1971 (Συνθέτης)
Άλλοι συγγραφείς: Kochno, Boris (Λιμπρετίστας), Brecht, Bertolt, 1898-1956 (Λιμπρετίστας), Forzano, Giovacchino (Λιμπρετίστας), Κριτσέφσκαγια-Ευσταθίου, Ευγενία (trlf), Μεϊτάνη, Ιωάννα (trlf [Μεταφράστρια]), Δημητρούλια, Τιτίκα (trlf [Μεταφράστρια]), Σοφράς, Ερρίκος (edt [Επιμελητής]), Puccini, Giacomo, 1858-1924 (Λιμπρετίστας), Weill, Kurt, 1900-1950
Μορφή: Βιβλίο
Γλώσσα:Greek
Polish
Δημοσίευση: [Αθήνα] : Εθνική Λυρική Σκηνή, [2007-2008].
Θέματα:
Ετικέτες: Προσθήκη ετικέτας
Δεν υπάρχουν, Καταχωρήστε ετικέτα πρώτοι!

MARC

LEADER 00000cam a2200000 i 4500
001 1/101196
008 090212s2007 gre d
035 |l 10103162 
040 |a GR-MY-UA  |b gre  |e aacr 
041 0 |a gre  |a pol 
082 0 |a 782.10268  |2 (22) 
100 1 |a Stravinsky, Igor  |d 1882-1971,  |e cmp 
245 1 0 |a Μαύρα =   |b Mabra : μονόπρακτη κωμική όπερα /   |c Ίγκορ Στραβίνσκι, ποιητικό κείμενο Μπορίς Κοκνό ; μετάφραση Ευγενία Κριτσέφσκαγια. Τα επτά θανάσιμα αμαρτήματα = Die sieben todsunden : τραγουδισμένο μπαλέτο (ballet chante) σε εννέα σκηνές / Κούρ Βάιλ, στίχοι Μπέρτολτ Μπρεχτ ; μετάφραση Ιωάννα Μεϊτάνη. Τζάννι Σκίκκι = Gianni Schicchi : όπερα σε μία πράξη / Τζάκομο Πουτσίνι, ποιητικό κείμενο Τζοβακκίνο Φορτσάνο ; μετάφραση Τιτίκα Δημητρούλια ; επιμέλεια κειμένων Ερρίκος Σοφράς.  
260 |a [Αθήνα] :   |b Εθνική Λυρική Σκηνή,   |c [2007-2008].  
300 |a 171 σ. :   |b έγχρ. εικ. ;   |c 21 εκ.  
500 |a Εθνική Λυρική Σκηνή, καλλιτεχνική περίοδος 2006-2007, αριθμός έκδοσης 10.  
500 |a Επιμέλεια έκδοσης Νίκος Α. Δοντάς, καλλιτεχνική επιμέλεια Γιάννης Κουρούδης / k2design.  
600 1 0 |a Stravinsky Igor  |d 1882-1971  |x Stories, plots, etc. 
600 1 0 |a Puccini, Giacomo,   |d 1858-1924  |x Stories, plots, etc. 
600 1 0 |a Weill, Kurt,   |d 1900-1950  |x Stories, plots, etc. 
650 0 0 |a Operas  |x Stories, plots, etc. 
650 0 0 |a Operas  |x Librettos. 
700 1 |a Kochno, Boris,  |e lbt 
700 1 |a Brecht, Bertolt,   |d 1898-1956,  |e lbt 
700 1 |a Forzano, Giovacchino,  |e lbt 
700 1 |a Κριτσέφσκαγια-Ευσταθίου, Ευγενία,  |e trlf 
700 1 |a Μεϊτάνη, Ιωάννα,  |e trlf [Μεταφράστρια] 
700 1 |a Δημητρούλια, Τιτίκα,  |e trlf [Μεταφράστρια] 
700 1 |a Σοφράς, Ερρίκος,  |e edt [Επιμελητής] 
700 1 |a Puccini, Giacomo,   |d 1858-1924,  |e lbt 
700 1 |a Weill, Kurt,   |d 1900-1950. 
852 |a INST  |b LESVOS  |e 20090212  |h 782.10268 ΜΑΥ  |p 005100039931  |q 005100039931  |t BK  |y 0 
901 |a BIBL1-2009-1 
909 |a Λ  |b 121680 
970 |a ΤΖΑΦΕΡΗ  |b ΕΥΑΓΓΕΛΙΑ  |z 2009/02/12